Normal view
MARC view
- Usman Nasir
Entry Personal Name
001 - CONTROL NUMBER
- control field: 92905
003 - CONTROL NUMBER IDENTIFIER
- control field: NUST
005 - DATE AND TIME OF LATEST TRANSACTION
- control field: 20220704203651.0
008 - FIXED-LENGTH DATA ELEMENTS
- fixed length control field: 220704|| aca||aabn | a|a d
040 ## - CATALOGING SOURCE
- Original cataloging agency: NUST
- Transcribing agency: NUST
100 ## - HEADING--PERSONAL NAME
- Personal name: Usman Nasir
670 ## - SOURCE DATA FOUND
- Source citation: Work cat.: (NUST)12703: Usman Nasir , Electrical system of a series hev , 2013
